[Event "FRA-CHN Match"]
[Site "Cannes FRA"]
[Date "2004.02.07"]
[Round "1"]
[White "Sebag,M"]
[Black "Xu Yuanyuan"]
[Result "1-0"]
[WhiteElo "2404"]
[BlackElo "2381"]
[EventDate "2004.02.07"]

1. e4 c6 2. Nf3 d5 3. exd5 cxd5 4. Ne5 Nc6 5. d4 Nf6 6. Bb5 Qb6 7. c4 dxc4
8. Nc3 e6 9. Qa4 Bd7 10. Nxd7 Nxd7 11. Be3 Rd8 12. d5 Nd4 13. dxe6 fxe6 14.
O-O-O Bc5 15. Bxd7+ Rxd7 16. Qxc4 Qc7 17. Bxd4 Qf4+ 18. Kb1 Bxd4 19. Qxe6+
Re7 20. Qxe7+ 1-0

[Event "FRA-CHN Match"]
[Site "Cannes FRA"]
[Date "2004.02.07"]
[Round "1"]
[White "Bu Xiangzhi"]
[Black "Fontaine,R"]
[Result "1-0"]
[WhiteElo "2606"]
[BlackElo "2532"]
[EventDate "2004.02.07"]

1. d4 d5 2. Nf3 Nf6 3. c4 c6 4. e3 e6 5. Bd3 Nbd7 6. O-O dxc4 7. Bxc4 b5 8.
Bd3 Bb7 9. e4 a6 10. a4 Be7 11. Nbd2 Nc5 12. Bc2 Nxa4 13. Bxa4 bxa4 14.
Qxa4 O-O 15. b4 a5 16. bxa5 Ba6 17. Ne5 Bb5 18. Qc2 Qxd4 19. Bb2 Qd8 20.
Ndc4 Bb4 21. Rfc1 c5 22. f3 Ra6 23. Bc3 Qc7 24. Qb2 Bxc4 25. Nxc4 Bxc3 26.
Rxc3 Nd7 27. Rd3 Nb8 28. Rad1 h6 29. Qb5 Rc6 30. e5 Qe7 31. Rd6 Rc7 32. a6
Ra7 33. Rb6 Ra8 34. Rb7 Qe8 35. Qxe8 Rxe8 36. a7 Nc6 37. Rdd7 Rf8 38. Rbc7
Nd4 39. Nb6 Rae8 40. Rxc5 Ne2+ 41. Kf2 Nf4 42. Ra5 1-0

[Event "FRA-CHN Match"]
[Site "Cannes FRA"]
[Date "2004.02.07"]
[Round "1"]
[White "Abergel,T"]
[Black "Zhao Xue"]
[Result "0-1"]
[WhiteElo "2441"]
[BlackElo "2449"]
[EventDate "2004.02.07"]

1. d4 Nf6 2. Nf3 e6 3. e3 b6 4. Bd3 Bb7 5. O-O Be7 6. Nbd2 d5 7. b3 c5 8.
Bb2 O-O 9. Ne5 Nc6 10. f4 Qc7 11. c3 a5 12. a4 cxd4 13. exd4 Ba6 14. Bb5
Bb7 15. Qe2 Na7 16. Bd3 Nc8 17. Ng4 Nxg4 18. Qxg4 Nd6 19. Qe2 Rfe8 20. Rf3
Bf6 21. Ba3 Nf5 22. Bb2 g6 23. Re1 Qc8 24. g4 Nd6 25. Ba3 Qc7 26. Bxd6 Qxd6
27. g5 Bg7 28. Nf1 Rec8 29. Qd2 Rc7 30. Bb1 Rac8 31. Ree3 Ba6 32. Bd3 Bxd3
33. Rxd3 b5 34. axb5 Qb6 35. Ne3 Qxb5 36. c4 dxc4 37. bxc4 Qb7 38. d5 exd5
39. Rxd5 a4 40. Ng4 Qb6+ 41. Qe3 Qxe3+ 42. Nxe3 Ra8 43. Rd2 Rb7 44. Ra2 Rb2
45. Rf2 Rxa2 46. Rxa2 Bd4 0-1

[Event "FRA-CHN Match"]
[Site "Cannes FRA"]
[Date "2004.02.08"]
[Round "2"]
[White "Guidarelli,L"]
[Black "Bu Xiangzhi"]
[Result "0-1"]
[WhiteElo "2449"]
[BlackElo "2606"]
[EventDate "2004.02.07"]

1. e4 c5 2. Nc3 g6 3. f4 Bg7 4. Nf3 Nc6 5. Bb5 Nd4 6. Bd3 d6 7. Nxd4 cxd4
8. Ne2 Nf6 9. O-O O-O 10. c3 dxc3 11. dxc3 e5 12. h3 d5 13. Ng3 Qb6+ 14.
Kh1 exf4 15. Rxf4 Re8 16. Qg1 dxe4 17. Nxe4 Nh5 18. Rf3 Qc6 19. Ng3 Nxg3+
20. Rxg3 Be6 21. Bf4 Bd5 22. Re1 Rxe1 23. Qxe1 Bxa2 24. Re3 Bd5 25. Be4
Bxe4 26. Rxe4 Bf8 27. Be5 Re8 28. Re3 Qb5 29. Bd4 Rxe3 30. Qxe3 a5 31. c4
Qf5 32. c5 h5 33. b3 Qd5 34. Qc3 Bh6 35. Bg1 Kh7 36. Qxa5 Qxb3 37. Qc7 Qd5
38. Bf2 Bg5 39. Bg1 Bf6 40. Qf4 Be5 41. Qh4 Kg7 42. Qe7 Bf6 43. Qc7 g5 44.
Qg3 Qe4 45. Be3 Kg6 46. Bg1 g4 47. Qb3 gxh3 48. Qxh3 Qh4 0-1

[Event "FRA-CHN Match"]
[Site "Cannes FRA"]
[Date "2004.02.08"]
[Round "2"]
[White "Zhao Xue"]
[Black "Sebag,M"]
[Result "1/2-1/2"]
[WhiteElo "2449"]
[BlackElo "2404"]
[EventDate "2004.02.07"]

1. d4 d5 2. c4 c6 3. Nc3 Nf6 4. e3 a6 5. Qc2 e6 6. Nf3 c5 7. cxd5 exd5 8.
dxc5 Bxc5 9. Be2 O-O 10. O-O Nc6 11. Rd1 Bd6 12. b3 Be6 13. Bb2 Rc8 14. Ng5
h6 15. Nxe6 fxe6 16. Rf1 Qc7 17. h3 b5 18. Rac1 Bh2+ 19. Kh1 Be5 20. f4 Bd6
21. Bf3 Ne7 22. Qd3 Qb8 23. Ne2 e5 24. fxe5 Bxe5 25. Bd4 Qd6 26. a4 bxa4
27. bxa4 Nd7 28. Bg4 Rxc1 29. Rxc1 Bxd4 30. exd4 Nf6 31. Bf3 Nh7 32. Nc3
Ng5 33. Rf1 Qc6 34. Be2 Rc8 35. Qe3 Qxc3 36. Qxe7 Ne4 37. Rf3 Qa1+ 38. Kh2
Rc1 39. Qe6+ Kh7 40. Bf1 Qxd4 41. Rf8 Ng5 42. Qe8 g6 43. Bd3 Qg1+ 44. Kg3
Ne4+ 45. Bxe4 Qe1+ 46. Rf2 dxe4 47. Qf7+ Kh8 48. Qf8+ Kh7 49. Qf7+ 1/2-1/2

[Event "FRA-CHN Match"]
[Site "Cannes FRA"]
[Date "2004.02.09"]
[Round "3"]
[White "Ni Hua"]
[Black "Sebag,M"]
[Result "1-0"]
[WhiteElo "2560"]
[BlackElo "2404"]
[EventDate "2004.02.07"]

1. e4 e5 2. Nf3 Nc6 3. Bb5 a6 4. Ba4 Nf6 5. O-O b5 6. Bb3 Bc5 7. a4 Bb7 8.
d3 O-O 9. Nc3 b4 10. Ne2 d5 11. exd5 Nxd5 12. a5 Nde7 13. Ng5 Nf5 14. Ng3
Nxg3 15. hxg3 Be7 16. Ne4 Nd4 17. Bc4 Bd5 18. Nd2 f5 19. Re1 Bf6 20. c3
bxc3 21. bxc3 Ne6 22. d4 e4 23. Qb3 c6 24. Nf1 Nc7 25. Bf4 Bxc4 26. Qxc4+
Qd5 27. Qa4 Qd7 28. Ne3 Nd5 29. Nxd5 Qxd5 30. Red1 Rfd8 31. Rab1 Rd7 32.
Rb6 c5 33. c4 Qf7 34. dxc5 Rxd1+ 35. Qxd1 Qxc4 36. c6 g5 37. c7 Rf8 38. Qb3
1-0

[Event "FRA-CHN Match"]
[Site "Cannes FRA"]
[Date "2004.02.09"]
[Round "3"]
[White "Bu Xiangzhi"]
[Black "Abergel,T"]
[Result "1-0"]
[WhiteElo "2606"]
[BlackElo "2441"]
[EventDate "2004.02.07"]

1. Nf3 c5 2. c4 Nf6 3. Nc3 b6 4. e4 d6 5. d4 cxd4 6. Nxd4 e6 7. Be2 a6 8.
O-O Bb7 9. f3 Nbd7 10. Be3 Be7 11. Qd2 O-O 12. Rfd1 Rc8 13. Rac1 Qc7 14.
Kh1 Qb8 15. Bf1 Bd8 16. b4 Bc7 17. Bg1 d5 18. cxd5 Bf4 19. Be3 Bxe3 20.
Qxe3 exd5 21. exd5 Rfe8 22. Qd2 Qd6 23. a3 b5 24. Nf5 Qe5 25. Bd3 g6 26.
Re1 Rxc3 27. Rxe5 Rxc1+ 28. Qxc1 Nxe5 29. Bf1 Nxd5 30. Nd6 Nf6 31. Nf5 Bd5
32. Qg5 Ned7 33. Ne3 Re5 34. Qf4 Rg5 1-0

[Event "FRA-CHN Match"]
[Site "Cannes FRA"]
[Date "2004.02.10"]
[Round "4"]
[White "Abergel,T"]
[Black "Ni Hua"]
[Result "1-0"]
[WhiteElo "2441"]
[BlackElo "2560"]
[EventDate "2004.02.07"]

1. d4 Nf6 2. Nf3 g6 3. Nc3 d5 4. Bf4 Bg7 5. e3 O-O 6. Be2 Bg4 7. Ne5 Bxe2
8. Qxe2 Nbd7 9. O-O-O c5 10. h4 Rc8 11. Qf3 e6 12. g4 Nxe5 13. Bxe5 cxd4
14. exd4 h5 15. gxh5 Nxh5 16. Rdg1 Bh6+ 17. Kb1 Kh7 18. Ne2 f6 19. Bf4 Bxf4
20. Nxf4 Nxf4 21. Qxf4 Qc7 22. Qd2 Qg7 23. Qd3 f5 24. f4 Rf6 25. h5 Kg8 26.
Rg5 Kf7 27. Qb5 Rc7 28. Rhg1 Ke7 29. c3 Kd8 30. hxg6 Rf8 31. Qe2 Re7 32.
Rh5 Rh8 33. Kc2 Rxh5 34. Qxh5 Re8 35. Qg5+ Qe7 36. Qh6 Rg8 37. g7 Kd7 38.
a4 Qf7 39. Rg6 Ke7 40. Kd2 Kd7 41. Ke2 Ke7 42. Kf2 Kd7 43. Kg3 Ke7 44. Kh4
Kd7 45. Qh7 Ke8 46. Kh5 Kd7 47. Kh6 Kc7 48. Rg5 Kd7 49. Qg6 Qe7 50. Kh7 Re8
51. Rh5 b6 52. Rh6 Rc8 53. Qxe6+ Ke8 1-0

[Event "FRA-CHN Match"]
[Site "Cannes FRA"]
[Date "2004.02.10"]
[Round "4"]
[White "Xu Yuanyuan"]
[Black "Fontaine,R"]
[Result "0-1"]
[WhiteElo "2381"]
[BlackElo "2532"]
[EventDate "2004.02.07"]

1. d4 d5 2. Nf3 Nf6 3. c4 c6 4. Nc3 a6 5. e3 b5 6. b3 Bg4 7. Be2 Nbd7 8. h3
Bf5 9. O-O e6 10. Bd3 Bb4 11. Bb2 Bxd3 12. Qxd3 O-O 13. Rfc1 Qe7 14. Rc2
Rfc8 15. Rac1 bxc4 16. bxc4 c5 17. Na4 cxd4 18. Qxd4 dxc4 19. Rxc4 Rxc4 20.
Rxc4 a5 21. Rc7 Rd8 22. g3 h6 23. Kg2 Qe8 24. Qa7 Nd5 25. Rc4 N7f6 26. Nc3
Nxc3 27. Bxc3 Bxc3 28. Rxc3 Nd5 29. Rb3 Qa4 30. Rb8 Rxb8 31. Qxb8+ Kh7 32.
Qb1+ f5 33. g4 Nc3 34. Qb3 fxg4 35. Qxc3 gxf3+ 36. Kxf3 Qxa2 37. Qd3+ Kg8
38. Qd8+ Kh7 39. Qd3+ Kg8 40. Qd8+ Kf7 41. Qd7+ Kg6 42. Qd3+ Kh5 43. e4 a4
44. Qd7 Qb3+ 45. Kf4 g5+ 46. Ke5 Qc3+ 0-1

[Event "FRA-CHN Match"]
[Site "Cannes FRA"]
[Date "2004.02.10"]
[Round "4"]
[White "Zhao Xue"]
[Black "Guidarelli,L"]
[Result "1-0"]
[WhiteElo "2449"]
[BlackElo "2449"]
[EventDate "2004.02.07"]

1. d4 Nf6 2. Nf3 g6 3. c4 Bg7 4. Nc3 O-O 5. e4 d6 6. Be2 e5 7. Be3 Ng4 8.
Bg5 f6 9. Bh4 g5 10. Bg3 Nh6 11. d5 Nd7 12. Nd2 f5 13. exf5 Nxf5 14. Nde4
h6 15. Rc1 b6 16. b4 a5 17. a3 axb4 18. axb4 Nf6 19. Bd3 Ra3 20. O-O Nxe4
21. Nxe4 h5 22. h3 h4 23. Bh2 g4 24. hxg4 Nd4 25. f3 h3 26. Ra1 Rxa1 27.
Qxa1 Qh4 28. Bg3 Qh6 29. Qe1 Rf7 30. Bh4 hxg2 31. Kxg2 Rf4 32. Bg3 Rf7 33.
Qd2 Qxd2+ 34. Nxd2 Bh6 35. Ne4 Bf4 36. Bxf4 Rxf4 37. Ng3 b5 38. c5 dxc5 39.
bxc5 b4 40. Be4 b3 41. Ra1 c6 42. dxc6 Rf8 43. Nf1 Be6 44. Nd2 Nb5 45. Ra6
Rd8 46. Nb1 Kf7 47. Rb6 Nd4 48. Nc3 Bc4 49. c7 Rc8 50. Bd5+ Bxd5 51. Nxd5
b2 52. Nc3 Nf5 53. Ne4 Kg8 1-0

[Event "FRA-CHN Match"]
[Site "Cannes FRA"]
[Date "2004.02.12"]
[Round "5"]
[White "Guidarelli,L"]
[Black "Ni Hua"]
[Result "1-0"]
[WhiteElo "2449"]
[BlackElo "2560"]
[EventDate "2004.02.07"]

1. e4 c5 2. Nc3 a6 3. g3 b5 4. Bg2 Bb7 5. a4 b4 6. Nd5 e6 7. Ne3 Nf6 8. d3
Qc7 9. Ne2 Be7 10. O-O d6 11. a5 Nc6 12. Nc4 O-O 13. c3 Rad8 14. d4 cxd4
15. cxd4 Na7 16. Nd2 Rc8 17. f3 Bc6 18. Nb3 Bb5 19. Be3 Qc2 20. Rf2 d5 21.
e5 Nd7 22. Qxc2 Rxc2 23. Nec1 Rfc8 24. Bf1 f6 25. Nd3 Kf7 26. f4 Rxf2 27.
Bxf2 Rc2 28. Rb1 g5 29. exf6 Bxf6 30. Nxb4 Rxf2 31. Kxf2 Ba4 32. Nd2 Bxd4+
33. Kf3 e5 34. fxe5 Nxe5+ 35. Kg2 Nac6 36. Nxc6 Bxc6 37. Nf3 Nxf3 38. Kxf3
Bb7 39. b4 Bc3 40. b5 axb5 41. Rxb5 Ba6 42. Rc5 1-0

[Event "FRA-CHN Match"]
[Site "Cannes FRA"]
[Date "2004.02.12"]
[Round "5"]
[White "Xu Yuanyuan"]
[Black "Sebag,M"]
[Result "1-0"]
[WhiteElo "2381"]
[BlackElo "2404"]
[EventDate "2004.02.07"]

1. d4 d5 2. Nf3 Nf6 3. c4 c6 4. Nc3 a6 5. e3 b5 6. b3 Bg4 7. Be2 Nbd7 8. h3
Bh5 9. O-O Qb8 10. cxd5 cxd5 11. Bb2 e6 12. Ne5 Bxe2 13. Nxe2 Bd6 14. Nxd7
Kxd7 15. f3 Qb7 16. Nc1 Rhc8 17. Nd3 b4 18. e4 dxe4 19. Nc5+ Bxc5 20. dxc5+
Ke8 21. Bxf6 gxf6 22. Qd4 e5 23. Qe3 Qd5 24. fxe4 Qxc5 25. Qxc5 Rxc5 26.
Rxf6 Ra7 27. Rh6 Rc2 28. Rxh7 Re2 29. Rh4 Rd7 30. a3 a5 31. axb4 axb4 32.
Ra5 f6 33. Rb5 Rg7 34. Rh8+ Kf7 35. Rb7+ Kg6 36. Rxb4 Kg5 37. Kf1 Rb2 38.
Rb6 f5 39. exf5 Kxf5 40. Rf8+ Ke4 41. Rb4+ Kd5 42. g4 Rc7 43. Rf2 Rb1+ 44.
Kg2 Rcc1 45. Rd2+ Ke6 46. Rb6+ Ke7 47. Ra2 Kd7 48. Ra7+ Kc8 49. Rf6 Rg1+
50. Kh2 Rh1+ 51. Kg3 Kb8 52. Ra1 1-0

[Event "FRA-CHN Match"]
[Site "Cannes FRA"]
[Date "2004.02.12"]
[Round "5"]
[White "Zhao Xue"]
[Black "Abergel,T"]
[Result "1/2-1/2"]
[WhiteElo "2449"]
[BlackElo "2441"]
[EventDate "2004.02.07"]

1. d4 Nf6 2. c4 e6 3. Nc3 Bb4 4. Qc2 Nc6 5. Nf3 d5 6. e3 O-O 7. a3 Bxc3+ 8.
Qxc3 a5 9. b3 a4 10. b4 b6 11. Bb2 Ne7 12. c5 c6 13. Ne5 Nd7 14. Bd3 f6 15.
Nxd7 Qxd7 16. Qc2 f5 17. O-O Ba6 18. Bxa6 Rxa6 19. f3 b5 20. e4 fxe4 21.
fxe4 Rxf1+ 22. Rxf1 Ra8 23. Re1 Rf8 24. Qe2 Rf6 25. Qg4 h6 26. Qg3 Qe8 27.
Qd6 Qf7 28. h3 Rf2 29. Bc1 dxe4 30. Bxh6 Ra2 31. Bf4 Qg6 1/2-1/2

[Event "FRA-CHN Match"]
[Site "Cannes FRA"]
[Date "2004.02.13"]
[Round "6"]
[White "Abergel,T"]
[Black "Xu Yuanyuan"]
[Result "1/2-1/2"]
[WhiteElo "2441"]
[BlackElo "2381"]
[EventDate "2004.02.07"]

1. e4 c6 2. d4 d5 3. Nc3 dxe4 4. Nxe4 Bf5 5. Ng3 Bg6 6. h4 h6 7. Nh3 e6 8.
Nf4 Bh7 9. Bc4 Nf6 10. c3 Nd5 11. Bd3 Bxd3 12. Nxd3 Nd7 13. Qf3 Qc7 14. Ne4
N7f6 15. Nxf6+ Nxf6 16. Bf4 Bd6 17. Bxd6 Qxd6 18. Ne5 Qd5 19. Qxd5 cxd5 20.
f3 Nd7 21. Nd3 O-O 22. Kd2 Nb8 23. Ke1 1/2-1/2

[Event "FRA-CHN Match"]
[Site "Cannes FRA"]
[Date "2004.02.13"]
[Round "6"]
[White "Bu Xiangzhi"]
[Black "Guidarelli,L"]
[Result "0-1"]
[WhiteElo "2606"]
[BlackElo "2449"]
[EventDate "2004.02.07"]

1. Nf3 Nf6 2. c4 c6 3. d4 d5 4. e3 Bf5 5. Nc3 e6 6. Nh4 Be4 7. f3 Bg6 8.
Qb3 Qc7 9. Bd2 Nbd7 10. O-O-O Be7 11. Nxg6 hxg6 12. h3 dxc4 13. Bxc4 b5 14.
Be2 a6 15. Ne4 Nxe4 16. fxe4 c5 17. Kb1 c4 18. Qc2 e5 19. b3 Rc8 20. bxc4
bxc4 21. Bc3 O-O 22. h4 Nf6 23. Ka1 Bd6 24. g4 Rfe8 25. Bf3 Rb8 26. g5 Nh5
27. Rhg1 Bb4 28. Bxh5 gxh5 29. g6 fxg6 30. Rxg6 Bxc3+ 31. Qxc3 exd4 32.
Rxd4 Qb7 33. Rg1 Re6 34. Rdd1 Rxe4 35. Rd4 Rxe3 36. Qxc4+ Kh8 37. Rd2 Qe7
38. Qd4 Re4 39. Qc3 Re1+ 40. Rd1 Rxd1+ 41. Rxd1 Qxh4 42. Rg1 Qe7 43. a3 Re8
44. Kb1 Qe5 0-1

[Event "FRA-CHN Match"]
[Site "Cannes FRA"]
[Date "2004.02.14"]
[Round "7"]
[White "Abergel,T"]
[Black "Bu Xiangzhi"]
[Result "1/2-1/2"]
[WhiteElo "2441"]
[BlackElo "2606"]
[EventDate "2004.02.07"]

1. d4 d5 2. Nf3 Nf6 3. e3 c6 4. c4 a6 5. Qb3 e6 6. Nc3 dxc4 7. Bxc4 b5 8.
Be2 c5 9. O-O Nbd7 10. Rd1 Bb7 11. Ne5 Nxe5 12. dxe5 Nd7 13. f4 Qc7 14. Qc2
Be7 15. a4 b4 16. Ne4 Bd5 17. b3 Qb7 18. Bf3 f6 19. exf6 gxf6 20. Bb2 O-O-O
21. f5 Qc6 22. fxe6 Qxe6 23. Rxd5 Qxd5 24. Nxf6 Qe6 25. Nxd7 Kxd7 26. Bxh8
Rxh8 27. Qd3+ Kc7 28. Bd5 Rd8 29. e4 Qe5 30. Rd1 Kb6 31. Qh3 Ka5 32. Rf1
Rf8 33. Rxf8 Bxf8 34. Qf5 Qa1+ 35. Qf1 Qd4+ 36. Kh1 Bd6 37. g3 h5 38. Qe2
h4 39. gxh4 Qa1+ 40. Kg2 Qe5 41. Kh3 1/2-1/2

[Event "FRA-CHN Match"]
[Site "Cannes FRA"]
[Date "2004.02.14"]
[Round "7"]
[White "Sebag,M"]
[Black "Ni Hua"]
[Result "0-1"]
[WhiteElo "2404"]
[BlackElo "2560"]
[EventDate "2004.02.07"]

1. e4 e6 2. d4 d5 3. Nd2 c5 4. exd5 Qxd5 5. Ngf3 cxd4 6. Bc4 Qd6 7. O-O Nf6
8. Nb3 Nc6 9. Nbxd4 Nxd4 10. Qxd4 Qxd4 11. Nxd4 Bd7 12. Be2 Bc5 13. Nb3 Bb6
14. Bf3 Rc8 15. c3 Bc6 16. Bxc6+ Rxc6 17. a4 a6 18. a5 Ba7 19. Ra4 Ke7 20.
Rb4 Rc7 21. Rd1 Nd5 22. Rg4 g6 23. c4 Nf6 24. Rh4 Rhc8 25. c5 Bxc5 26. Bg5
e5 27. Rxh7 Ke6 28. Rh3 Bxf2+ 29. Kxf2 Ne4+ 30. Kf1 Nxg5 31. Re3 Rc4 32.
Rde1 f6 33. g3 Nf7 34. Rd1 Rd8 35. Rxd8 Nxd8 36. h4 Nc6 37. Kf2 f5 38. Re2
Rb4 39. Nc5+ Kd6 40. Nd3 Rb5 41. g4 Nb8 0-1

[Event "FRA-CHN Match"]
[Site "Cannes FRA"]
[Date "2004.02.14"]
[Round "7"]
[White "Zhao Xue"]
[Black "Fontaine,R"]
[Result "1/2-1/2"]
[WhiteElo "2449"]
[BlackElo "2532"]
[EventDate "2004.02.07"]

1. d4 d5 2. c4 c6 3. Nc3 Nf6 4. e3 e6 5. Nf3 Nbd7 6. Qc2 Bd6 7. g4 Bb4 8.
Bd2 Qe7 9. Bd3 Bxc3 10. Bxc3 dxc4 11. Bxc4 b5 12. Bd3 Bb7 13. e4 Nxe4 14.
Bxe4 f5 15. Bd3 c5 16. Be2 b4 17. Bd2 fxg4 18. dxc5 Rc8 19. Bxb4 gxf3 20.
Bb5 O-O 21. Bxd7 Qxd7 22. Qd2 Qxd2+ 23. Kxd2 Rf4 24. Kc3 Ba6 25. Rad1 Rc4+
26. Kb3 Rb8 27. a3 Rxc5 28. Rd8+ Rxd8 29. Bxc5 Rd7 30. Ka4 Be2 31. b4 a6
32. Ka5 e5 33. a4 e4 34. Rc1 Rd2 35. Ra1 Rb2 36. Kb6 e3 37. Bxe3 Rxb4+ 38.
Ka5 Rh4 39. Rh1 h6 40. Bc5 Kf7 41. Bd6 Rd4 42. Bg3 Kg6 43. Rc1 h5 44. Rc6+
Kh7 45. Rc5 Kh6 46. h4 Rg4 47. Rf5 Kg6 48. Rf8 Rd4 49. Rc8 Rd5+ 50. Kb4 Kf5
51. Rc5 Rxc5 52. Kxc5 g5 53. hxg5 Kxg5 54. a5 Kg4 55. Bd6 Kf5 56. Kd4 Bb5
57. Be7 Kg4 58. Ke3 Bc6 59. Bd8 h4 60. Be7 h3 61. Bd6 Kf5 62. Kd4 Bb5 63.
Bc7 Be2 64. Bb8 Ke6 65. Bf4 Bf1 66. Bh2 Kd7 67. Kc5 1/2-1/2

[Event "FRA-CHN Match"]
[Site "Cannes FRA"]
[Date "2004.02.15"]
[Round "8"]
[White "Guidarelli,L"]
[Black "Zhao Xue"]
[Result "0-1"]
[WhiteElo "2449"]
[BlackElo "2449"]
[EventDate "2004.02.07"]

1. e4 c5 2. Nf3 d6 3. d4 cxd4 4. Nxd4 Nf6 5. Nc3 a6 6. g3 e5 7. Nde2 b5 8.
Bg2 Nbd7 9. h3 b4 10. Nd5 a5 11. O-O Ba6 12. a3 Nxd5 13. exd5 Be7 14. axb4
axb4 15. Bd2 Qb6 16. Ra4 Qb5 17. b3 Nc5 18. Ra1 O-O 19. Re1 Qb7 20. Nc1 Bd8
21. Na2 Ba5 22. f4 Nd7 23. Kh2 Rfe8 24. fxe5 Nxe5 25. Re4 f5 26. Rd4 Be2
27. Qh1 Qb6 28. Rf4 Rac8 29. Nxb4 g5 30. Rxa5 gxf4 31. gxf4 Qxa5 32. fxe5
Rxe5 33. Qe1 Bh5 34. Qg3+ Bg6 35. c4 Rce8 36. Qg5 Qa1 37. Qf6 Rf8 38. Qxd6
Re2 39. Bh6 Rfe8 40. Qg3 Qf1 0-1

[Event "FRA-CHN Match"]
[Site "Cannes FRA"]
[Date "2004.02.15"]
[Round "8"]
[White "Fontaine,R"]
[Black "Xu Yuanyuan"]
[Result "1/2-1/2"]
[WhiteElo "2532"]
[BlackElo "2381"]
[EventDate "2004.02.07"]

1. e4 c6 2. d4 d5 3. Nd2 dxe4 4. Nxe4 Bf5 5. Ng3 Bg6 6. h4 h6 7. Nf3 Nd7 8.
h5 Bh7 9. Bd3 Bxd3 10. Qxd3 e6 11. Bf4 Qa5+ 12. Bd2 Qa4 13. Qb3 Qxb3 14.
axb3 Ngf6 15. Ne5 c5 16. Nxd7 Kxd7 17. dxc5 Bxc5 18. Ke2 Rhc8 19. c4 Bd4
20. Rad1 Ke8 21. Bxh6 gxh6 22. Rxd4 b5 23. Ra1 Rc5 24. Ra5 Rb8 25. Kd2 Rb7
26. Rd6 Rg5 27. Rda6 bxc4 28. Rxg5 hxg5 29. bxc4 Rxb2+ 30. Ke1 Rb1+ 31. Ke2
Rb2+ 32. Ke1 Rb1+ 33. Ke2 Rb2+ 34. Ke1 Rc2 35. h6 Rxc4 36. Nh5 Nh7 37. Rxa7
Rh4 38. Ra8+ Ke7 39. Ra7+ Ke8 40. Rd7 Nf6 41. Rd1 Ke7 42. Ke2 Ng4 43. Kf3
Nf6 44. Ke2 Ne4 45. Kf3 f6 46. g4 1/2-1/2

[Event "FRA-CHN Match"]
[Site "Cannes FRA"]
[Date "2004.02.15"]
[Round "8"]
[White "Ni Hua"]
[Black "Abergel,T"]
[Result "1-0"]
[WhiteElo "2560"]
[BlackElo "2441"]
[EventDate "2004.02.07"]

1. e4 c5 2. Nf3 d6 3. Bb5+ Nd7 4. d4 Ngf6 5. Nc3 cxd4 6. Qxd4 e5 7. Qd3 h6
8. Be3 Be7 9. O-O O-O 10. Bc4 a6 11. a4 Qa5 12. Rfd1 Rd8 13. Bxf7+ Kxf7 14.
Qc4+ d5 15. Nxd5 Nxd5 16. Rxd5 Qb4 17. Nxe5+ Nxe5 18. Qxb4 Bxb4 19. Rxd8
Be7 20. Rdd1 Be6 21. b3 Rc8 22. c4 Nc6 23. f4 Re8 24. h3 g5 25. Rf1 gxf4
26. Bxf4 Kg6 27. Rad1 h5 28. Bd6 Bf6 29. Rd3 h4 30. Kh2 Bg8 31. Rdf3 Re6
32. c5 Nd4 33. Rf4 Bg5 34. Rg4 Rxd6 35. cxd6 Be6 36. Rxg5+ Kxg5 37. b4 Nc6
38. b5 axb5 39. axb5 Na7 40. Rf7 1-0

[Event "FRA-CHN Match"]
[Site "Cannes FRA"]
[Date "2004.02.15"]
[Round "8"]
[White "Bu Xiangzhi"]
[Black "Sebag,M"]
[Result "1-0"]
[WhiteElo "2606"]
[BlackElo "2404"]
[EventDate "2004.02.07"]

1. Nf3 d5 2. d4 Nf6 3. c4 c6 4. e3 Bf5 5. Nc3 e6 6. Nh4 Be4 7. f3 Bg6 8.
Qb3 Qb6 9. Nxg6 hxg6 10. Bd2 Be7 11. O-O-O Nbd7 12. h3 Qc7 13. cxd5 exd5
14. Kb1 b5 15. Rc1 Qb7 16. e4 Nb6 17. exd5 Nfxd5 18. Nxd5 Nxd5 19. Rxc6 Nb6
20. Bxb5 O-O 21. Rhc1 Bf6 22. Rc7 Qb8 23. Bb4 Rc8 24. Qxf7+ Kh7 25. Bd3
Rxc7 26. Rxc7 Kh8 27. Bf1 1-0